Los derechos humanos como politica. (Registro nro. 2341)

Detalles MARC
000 -LEADER
fixed length control field 01559nam a2200397 a 4500
005 - FECHA ULTIMA MODIFICACION
control field 20240412132912.0
008 - CAMPO DE CONTROL (LIBRO)
fixed length control field 100309t1985||||ag f | 1s0 spa d
020 ## - INTERNATIONAL STANDARD BOOK NUMBER
ISBN 9505510527
041 ## - CODIGO DE IDIOMA
Código de idioma del texto/pista de sonido o título separado spa
092 ## - SIGNATURA TOPOGRAFICA DEWEY LOCAL
número de clasificación 323.82
libristica 34
sección HIN
245 4# - TITULO PROPIAMENTE DICHO
Título Los derechos humanos como politica.
Subtítulo y Título paralelo Encuentro realizado el 20 y 21 de Junio de 1984 en Santiago de Chile /
Mención de responsabilidad y remanente de la transcripción de la portada Franz Hinkelammert
250 ## - MENCION DE EDICION
Mención de edición 1a ed.
260 ## - PIE DE IMPRENTA
Lugar de publicación, distribución, etc Buenos Aires:
Nombre de la editorial, distribuidor, etc Ediciones La Aurora;
Fecha de publicación 1985.
300 ## - DESCRIPCION FISICA
Extension 181 p.
500 ## - NOTA GENERAL
Nota general Hinkelammert, F. et al. (1985). Los derechos humanos como política. Encuentro realizado el 20 y 21 de junio de 1984 en Santiago de Chile. (1a ed.). Buenos Aires : Ediciones La Aurora.
590 ## - NOTAS LOCALES (RLIN)
Nota local Donación Dora Vera, febrero 2017
653 ## - TÉRMINO INDIZADO - PALABRAS CLAVES
Palabra clave Educación y mundo actual
653 ## - TÉRMINO INDIZADO - PALABRAS CLAVES
Palabra clave Educar hoy ... ¿ para què?
653 #4 - TÉRMINO INDIZADO - PALABRAS CLAVES
Palabra clave Una alternativa educativa : educación personalizada
653 #3 - TÉRMINO INDIZADO - PALABRAS CLAVES
Palabra clave La educación en los valores
653 ## - TÉRMINO INDIZADO - PALABRAS CLAVES
Palabra clave Personalización de proferosresy personal directivo. Actitudes del magisterio.
653 #1 - TÉRMINO INDIZADO - PALABRAS CLAVES
Palabra clave ¿Cómo poner en marcha un cambio educativo ?
700 1# - ENTRADAS SECUNDARIAS - NOMBRE PERSONAL
Nombre personal Villela, Hugo
9 (RLIN) 3191
700 1# - ENTRADAS SECUNDARIAS - NOMBRE PERSONAL
Nombre personal Hinkelammert, Franz
9 (RLIN) 3192
700 1# - ENTRADAS SECUNDARIAS - NOMBRE PERSONAL
Nombre personal Landi, Oscar
9 (RLIN) 3193
700 1# - ENTRADAS SECUNDARIAS - NOMBRE PERSONAL
Nombre personal Llano, Daniel
9 (RLIN) 3194
700 1# - ENTRADAS SECUNDARIAS - NOMBRE PERSONAL
Nombre personal Morande, Pedro
9 (RLIN) 3195
700 1# - ENTRADAS SECUNDARIAS - NOMBRE PERSONAL
Nombre personal Hourton, Jorge
9 (RLIN) 3196
700 1# - ENTRADAS SECUNDARIAS - NOMBRE PERSONAL
Nombre personal Castillo, Jaime
9 (RLIN) 3197
700 1# - ENTRADAS SECUNDARIAS - NOMBRE PERSONAL
Nombre personal Lira, Elizabeth
9 (RLIN) 3198
700 1# - ENTRADAS SECUNDARIAS - NOMBRE PERSONAL
Nombre personal Insunza, Mario
9 (RLIN) 3199
700 1# - ENTRADAS SECUNDARIAS - NOMBRE PERSONAL
Nombre personal Dominguez, Andres
9 (RLIN) 3200
700 1# - ENTRADAS SECUNDARIAS - NOMBRE PERSONAL
Nombre personal Viera Gallo, J. Antonio
9 (RLIN) 3201
700 1# - ENTRADAS SECUNDARIAS - NOMBRE PERSONAL
Nombre personal Lechner, Norbert
9 (RLIN) 3202
942 ## - ADDED ENTRY ELEMENTS (KOHA)
Source of classification or shelving scheme Dewey Decimal Classification
Item type Libros
Existencias
Estado de retiro Existencia Fuente de clasificación Estado general No para prestamo Ubicación permanente ubicación actual Sala de ubicación Fecha de adquisición Fuente de adquisición Total Checkouts Número de clasificación Código de barras Date last seen Número de ejemplar Price effective from Koha tipo de elemento (item) Public note
    Dewey Decimal Classification     Biblioteca Medicina Biblioteca Medicina Circulación 24/02/2017 Donacion Dora Vera, febrero 2017   323.82 34 HIN 3826 24/02/2017 Ej.1 24/02/2017 Libros Donacion Dora Vera, febrero 2017

UNIVERSIDAD NACIONAL DEL COMAHUE
Biblioteca de la Facultad de Ciencias Médicas
Sede Toschi: Los Arrayanes y Av. Toschi, Cipolletti  - Rio Negro
Sede Los Tordos:  Yrigoyen al 2211, Cipolletti - Rio Negro 

Teléfono: 0299 - 4774707 int 25
Contacto: biblioteca@facimed.uncoma.edu.ar
© 2011 - 2026